Elegías de Duino

Saved in:
Bibliografiske detaljer
Hovedforfatter: Rilke, Rainer Maria (Author)
Format: Bog
Sprog:spansk
Udgivet: Madrid Cátedra 1998
Udgivelse:4a. ed
Serier:Colección Letras Universales, 70
Fag:
Tags: Tilføj Tag
Ingen Tags, Vær først til at tagge denne postø!

MARC

LEADER 00000nam a2200000 a 4500
001 UCO5854
003 CL-VaPUC
008 000915e19980000SP |||||||||||||||||spa|d
082 0 4 |a 891.861  |b RIL  |2 21 
100 |a Rilke, Rainer Maria  |e author  |9 265571 
245 1 0 |a Elegías de Duino 
246 1 4 |a Los sonetos a Orfeo 
250 |a 4a. ed 
300 |a 217 p 
942 |c BK 
945 |d 20000915 00:00:00  |a crobeson 
260 |a Madrid  |b Cátedra  |c 1998 
650 7 |a POESIAS CHECOESLOVACAS  |2 CL-VaPUC  |9 266295 
650 7 |a LITERATURA CHECOESLOVACA  |2 CL-VaPUC  |9 348950 
583 |a last modification  |c 20000915 00:00:00  |k Rodrigo Vera 
490 0 |a Colección Letras Universales, 70 
999 |c 291681  |d 291679